| 000 | 01052nam a22003137a 4500 | ||
|---|---|---|---|
| 003 | CHAP | ||
| 005 | 20220329133849.0 | ||
| 008 | 971013s1983 r 10010 d | ||
| 010 | _a11959 | ||
| 011 | _a12931 | ||
| 035 | _a16825 | ||
| 040 | _cCHAP | ||
| 082 |
_a632.7063 _bS5 1983 |
||
| 111 | 0 | 0 |
_aSimposio Nacional de Parasitología Agrícola ( _n10 _d: 1983 _c: Jalapa, Ver.) _9106337 |
| 245 | _aMemoria | ||
| 260 |
_a(México, D. F.) : _bIngenieros Agrónomos Parasitólogos, _c1983 |
||
| 300 | _a354 p. | ||
| 590 |
_aBATCH-UPD _b10 _c20130110 _lUCH01 _h0000 |
||
| 590 |
_aBATCH-UPD _b10 _c20130110 _lUCH01 _h1141 |
||
| 590 |
_aBATCH-UPD _b10 _c20130409 _lUCH01 _h1934 |
||
| 590 |
_aBATCH-UPD _b10 _c20130914 _lUCH01 _h0022 |
||
| 590 |
_aCONVERSION _b10 _c20130109 _lUCH01 _h1308 |
||
| 650 | 1 | 4 |
_aAgricultura _xPlagas. _91764 |
| 650 | 1 | 4 |
_aLegumbres _xEnfermedades. _965709 |
| 901 | _aBK | ||
| 942 | _cLIBRO | ||
| 949 |
_a632.7063 S5 1983 _bBC _cCONG _d-139528 _eCONG _h63478 _i16825 _si |
||
| 949 |
_a632.7063 S5e 1983 _bPA _cLIBRO _d-29080 _eLIBRO _h1442 _i16825 _si |
||
| 999 |
_c11959 _d11959 |
||